000 00602nam a2200229 i 4500
001 C2-0144623
003 PPAK
005 20180727130359.0
008 980119s1979 my |||| ||||| | eng d
040 _aPPAK
_beng
_cPPAK
_erda
082 0 4 _a301.2
_223
090 0 0 _a301.2
_bBEA
_dG
100 1 _aBeattie, John,
_eauthor
245 1 0 _aLain-lain kebudayaan
264 1 _aKuala Lumpur :
_bDewan Bahasa dan Pustaka ,
_c1979
300 _a371 pages ;
_c21 cm
336 _2rdacontent
_atext
337 _2rdamedia
_aunmediated
338 _2rdacarrier
_avolume
650 1 0 _aCultures
942 _ddc
_cB
999 _c45537
_d45537